Thực tập cơ nhiệt

Nội dung sách gồm 13 bài, trong đó bài đầu tiên sai số của phép đo cung cấp các kiến thức cơ bản về phép đo các đại lượng vật lý, các loại sai số, phương pháp tính sai số cảu phép đo và trình bày kết quả đo......

Full description

Saved in:
Bibliographic Details
Main Author: Trần, Thanh Hải
Format: Book
Language:Undetermined
Published: Cần Thơ Trường Đại học Cần Thơ 2020
Subjects:
Tags: Add Tag
No Tags, Be the first to tag this record!
Institutions: Trung tâm Học liệu Trường Đại học Cần Thơ
LEADER 01055nam a2200241Ia 4500
001 CTU_238961
008 210402s9999 xx 000 0 und d
020 |c 40000 
082 |a 536.7 
082 |b H103 
100 |a Trần, Thanh Hải 
245 0 |a Thực tập cơ nhiệt 
245 0 |c Trần Thanh Hải (Chủ biên), Phan Thị Kim Loan 
260 |a Cần Thơ 
260 |b Trường Đại học Cần Thơ 
260 |c 2020 
520 |a Nội dung sách gồm 13 bài, trong đó bài đầu tiên sai số của phép đo cung cấp các kiến thức cơ bản về phép đo các đại lượng vật lý, các loại sai số, phương pháp tính sai số cảu phép đo và trình bày kết quả đo... 
526 |a Thực tập cơ nhiệt 
526 |b SP136 
650 |a Thermodynamics,Nhiệt động lực học 
904 |i Kim Lan, Bạch Trúc 
910 |a Tuyến 
980 |a Trung tâm Học liệu Trường Đại học Cần Thơ